00365nam a2200145Ia 450000100060000000800410000602000070004704000130005408200180006710000210008524500510010626000440015730000110020154600070021267013150514s9999 xx 000 0 und d aNA cPK-LaUMT a 158.1bAGA-K aAgarwal, Mridula aKamyabi kay dus usool (Urdu)cAgarwal, Mridula aLahore,Pakistan:bThe Book House,c2014 a104 p. aUR